| Tag |
First Indicator |
Second Indicator |
Subfields |
| LEADER |
00000cam a22000001a 4500 |
| 001 |
in00003384792 |
| 006 |
m d f |
| 007 |
cr bn mmmapmmp |
| 008 |
100727s2003 dcu o f000 0 eng d |
| 005 |
20260430230049.4 |
| 035 |
|
|
|a cis2007901787
|
| 040 |
|
|
|a ProQuest
|c ProQuest
|d UtOrBLW
|
| 043 |
|
|
|a n-us---
|
| 099 |
|
|
|a CRS-2003-FDT-0615
|
| 110 |
2 |
|
|a Library of Congress.
|b Congressional Research Service.
|
| 245 |
1 |
0 |
|a Iraq :
|b U.S. Regime Change Efforts and Post-War Governance.
|
| 264 |
|
1 |
|a [Place of publication not identified] :
|b [publisher not identified],
|c 2003.
|
| 300 |
|
|
|a 1 online resource.
|
| 336 |
|
|
|a text
|b txt
|2 rdacontent
|
| 337 |
|
|
|a computer
|b c
|2 rdamedia
|
| 338 |
|
|
|a online resource
|b cr
|2 rdacarrier
|
| 500 |
|
|
|a Record is based on bibliographic data in ProQuest U.S. Congressional Research Digital Collection (last viewed July 2010). Reuse except for individual research requires license from ProQuest, LLC.
|
| 500 |
|
|
|a CRS Report.
|
| 520 |
|
|
|a Reviews current issues concerning the U.S.-led war to remove Iraqi President Saddam Hussein and his Ba'ath Party regime. Provides background on past attempts to oust Saddam Hussein, major factions opposed to Saddam Hussein, schisms among factions, and Bush Administration strategy and Operation Iraqi Freedom. Discusses post-war governance issues, including establishing Iraqi self-rule, post-war U.S.-led operations, international role in peacekeeping, and possible prosecution of the deposed regime for war crimes. Outlines Congressional reactions.
|
| 500 |
|
|
|a Electronic resource.
|
| 650 |
|
0 |
|a International relations.
|
| 650 |
|
0 |
|a Armed Forces.
|
| 651 |
|
0 |
|a Iraq.
|
| 655 |
|
7 |
|a Electronic books.
|2 local
|
| 710 |
2 |
|
|a ProQuest (Firm)
|
| 776 |
0 |
8 |
|i Microfiche version:
|a Library of Congress. Congressional Research Service.
|t Iraq
|
| 830 |
|
0 |
|a U.S. Congressional Research.
|
| 856 |
4 |
0 |
|u http://proxy.library.tamu.edu/login?url=https://congressional.proquest.com/congcomp/getdoc?CRDC-ID=CRS-2003-FDT-0615
|z Connect to the full text of this electronic book
|t 0
|
| 999 |
|
|
|a MARS
|
| 999 |
f |
f |
|s d2e534ea-9149-352f-9ca9-56ff19a97d2f
|i da9209d4-b821-3a85-9c06-51cf36a92805
|t 0
|
| 952 |
f |
f |
|a Texas A&M University
|b College Station
|c Electronic Resources
|s www_evans
|d Available Online
|t 0
|e CRS-2003-FDT-0615
|h Other scheme
|
| 998 |
f |
f |
|a CRS-2003-FDT-0615
|t 0
|l Available Online
|